Central Library OPAC University of Rajshahi

A chronicle of Damascus, 1389-1397 / (Record no. 26996)

MARC details
000 -LEADER
fixed length control field 01132cam a22002771 4500
001 - CONTROL NUMBER
control field 26996
003 - CONTROL NUMBER IDENTIFIER
rucl marc code BD-RjUL
005 - DATE AND TIME OF LATEST TRANSACTION
control field 20211209051110.0
008 - FIXED-LENGTH DATA ELEMENTS--GENERAL INFORMATION
fixed length control field 140324t1963 caub b 001 0 eng
035 ## - SYSTEM CONTROL NUMBER
System control number (BD-RjUL)27067
040 ## - CATALOGING SOURCE
Original cataloging agency DLC
Transcribing agency Wa
Modifying agency DLC
-- BD-RjUL
Language of cataloging eng
041 0# - LANGUAGE CODE
Language code of text/sound track or separate title engara
082 00 - DEWEY DECIMAL CLASSIFICATION NUMBER
Classification number 956.91
Author mark and year IBC 1963
100 2# - MAIN ENTRY--PERSONAL NAME
Personal name Ibn Ṣaṣrā, Muḥammad ibn Muḥammad,
Dates associated with a name active 1384-1397.
9 (RLIN) 82951
245 12 - TITLE STATEMENT
Title A chronicle of Damascus, 1389-1397 /
Statement of responsibility, etc. by Muḥammad ibn Muḥammad ibn Ṣaṣrā. The unique Bodleian Library manuscript of al-Durra al-Mudīʼa fī l-Dawla al-Ẓāhirīya (Laud or. MS 112) Translated, edited, and annotated by William M. Brinner
Number of part/section of a work Volume-1
Name of part/section of a work The English Translation
260 ## - PUBLICATION, DISTRIBUTION, ETC. (IMPRINT)
Place of publication, distribution, etc. Berkeley ;
Name of publisher, distributor, etc. University of California,
Date of publication, distribution, etc. 1963.
300 ## - PHYSICAL DESCRIPTION
Pagination V-1 (344 p.) ;
Size 24 cm.
504 ## - BIBLIOGRAPHY, ETC. NOTE
Bibliography, etc includes bibliographical reference and index
505 0# - FORMATTED CONTENTS NOTE
Formatted contents note v. 1. The English translation.--v. 2. The Arabic text.
651 #0 - SUBJECT ADDED ENTRY--GEOGRAPHIC NAME
Geographic name Damascus (Syria)
General subdivision History.
9 (RLIN) 82818
700 1# - ADDED ENTRY--PERSONAL NAME
Personal name Brinner, William M.,
Relator term ed. and tr.
942 ## - ADDED ENTRY ELEMENTS (KOHA)
Source of classification or shelving scheme Dewey Decimal Classification
Koha item type Books
Holdings
Lost status Source of classification or shelving scheme Damaged status Not for loan Collection code Permanent Location Current Location Shelving location Date acquired Source of acquisition Cost, normal purchase price Total Checkouts Full call number Date last seen Copy number Koha item type
  Dewey Decimal Classification     Non-fiction Central Library, University of Rajshahi Central Library, University of Rajshahi   11/08/1972 Paramount book corp. 72.00   956.91 IBC V-1 1963 24/03/2014 C-2 Books
  Dewey Decimal Classification   Added to bundle Non-fiction Central Library, University of Rajshahi Central Library, University of Rajshahi Reading Room 27/10/1970 Sweets & zeitlinger 171.00   956.91 IBC V-1 1963 24/03/2014 C-1 Books